| 000 | 01073nam a2200253 a 4500 | ||
|---|---|---|---|
| 001 | 000002732 | ||
| 005 | 20200929150239.0 | ||
| 008 | 090703s2005 dr r 000 0 spa d | ||
| 040 |
_aDO-SdBNP _bspa _cBNPHU |
||
| 082 |
_a341 _bR789t |
||
| 100 | 1 |
_aRosario, Juan Manuel _98602 |
|
| 245 | 1 | 0 |
_aTratado de derecho internacional privado / _cJuan Manuel Rosario ; prólogo Trajano V. Potentini Adames. |
| 260 |
_aSanto Domingo : _bJuridícas Trajano Potentini., _c2005. |
||
| 300 |
_a806 p. ; _c23 cm. |
||
| 504 | _aIncluye referencias bibliográficas y notas al pie de las páginas | ||
| 504 | _aBibliografía : p. [797]-806 | ||
| 590 | _aInventariado, 2018/BT | ||
| 650 | 4 |
_aDerecho internacional privado _zRepública Dominicana _98603 |
|
| 650 | 4 |
_aDerecho internacional privado _xHistoria _98604 |
|
| 650 | 4 |
_aProcedimieto civil(derecho internacional) _zRepública Dominicana _98605 |
|
| 650 | 4 |
_aDerecho internacional _xLegislación _zRepública Dominicana _98606 |
|
| 700 | 1 |
_aPotentini Adames, Trajano V., _epról. _98607 |
|
| 910 | _aValidado. Control de calidad. MMOLINA | ||
| 999 |
_c2566 _d2566 |
||